|
|
|
|
| LEADER |
00702nam a22002057a 4500 |
| 008 |
160831b xxu||||| |||| 00| 0 mal d |
| 020 |
|
|
|c INR
|
| 082 |
|
|
|a 294
|
| 245 |
|
|
|a Bharathiya Paithrukam /
|c Translated by Sugathakumari, N>V>Krishna Warrior and K.Velayudhan Nair
|
| 250 |
|
|
|a 2nd ed.
|
| 260 |
|
|
|a TVM :
|b Kerala bhasha institute,
|c 1993.
|
| 300 |
|
|
|a 228 p.;
|
| 650 |
|
|
|a Literature
|
| 650 |
|
|
|a Philosophy
|
| 650 |
|
|
|a Religion
|v Hindu
|z India
|
| 700 |
|
|
|a Sugathakumari
|e Translator
|
| 942 |
|
|
|c BK
|
| 546 |
|
|
|a In malayalam
|
| 999 |
|
|
|c 286163
|d 286163
|
| 952 |
|
|
|0 0
|1 0
|4 0
|6 294_000000000000000_BHA
|7 0
|9 324850
|a FLK
|b FLK
|c ST1
|d 2016-08-31
|e BK
|g 24.00
|i 80
|l 0
|o 294 BHA
|p FLK80
|r 2016-08-31
|w 2016-08-31
|y BK
|